000 00813nam a22003017a 4500
001 BR9403409
003 BR-BrBNA
005 20230928094227.0
007 ta
008 230509b bl.||||| |||| 00| 0 por d
040 _aBR-BrBNA
_bpor
_cBiblioteca Nacional de Agricultura
041 _a(Por)
072 _aP10
090 _ P10 BR9403409
100 1 _aFranca, A.C. de
100 1 _aFaria, B.
100 1 _aNoffs, P. da S.
110 1 _aCompanhia Energetica de Sao Paulo, Sao Paulo (Brasil)
_92428
245 1 _aManejo integrado de bacias hidrograficas
260 3 _aSao Paulo, SP (Brasil):
_c1992.
300 _a21 p.
500 _a5 ref.; 16 illus.
650 _aBacia Hidrografica
650 _aManejo de Agua
650 _aSao Paulo
909 _a202309
_bLucia
_c55
_dLucia Elande
942 _cBK
999 _c49535
_d49535